=LDR 00000nam 2200000 4500 =001 INLIS000000000000812 =005 20220511014539 =035 ##$$a 0010-061300000000812 =008 220511################g##########0#ind## =041 ##$$a Ind =082 ##$$a 92(Mangunkusumo) =090 ##$$a 92(Mangunkusumo), Rek-d =100 ##$$a Reksodiharjo, Sugeng =245 1#$$a Dr. Cipto Mangunkusumo /$c , Sugeng Reksodiharjo, penyunting RZ. Leirassa MA =260 ##$$a Jakarta :$b Departemen Pendidikan Dan Kebudayaan,$c 1992 =300 ##$$a xii, 130 hlm ; $c 21 cm =650 #4$$a Mangunkusumo, Cipto =850 ##$$a NBPNMAT =084 ##$$a 92(Mangunkusumo) REK c =990 ##$$a DW99002669